zpět

Detail výsledku týmu

Srdcovka Litvínov, Litvínov

Datum a čas kvízu

16 Celkem bodů Celkový počet nahraných bodů na tomto kvízu bez doplňovacích otázek.
8. Pořadí na kvízu Konečné umístění týmu na tomto kvízu.

Zaznamenané odpovědi

# Otázka Odpověď Body Výsledky
1. Ve věku 97 let nás opustil Jiř... D) stenograf 1
2. V pondělí začalo největší nábo... v Indii 1
3. V pondělí byly odhaleny nomina... Vlny 0
4. Jak se nazývá kryptoměna, kter... $Trump 0
5. Který český sportovec si minul... Jiří Procházka 1
6. Na kterém ostrově se měl nachá... na Krétě 0
7. Labyrint je specializovaný org... D 0
8. Labyrinty jsou oblíbeným motiv... Piet Mondrian 0
9. Která kost lebky obsahuje kost... kost spánková 0
10. Jak se jmenuje kniha, v níž vy... Labyrint světa a ráj srdce 0